REVOLUTION AND ALTERNATIVES (Record no. 59567)
[ view plain ]
| 000 -LEADER | |
|---|---|
| fixed length control field | 00327nam a22001457a 4500 |
| 008 - FIXED-LENGTH DATA ELEMENTS--GENERAL INFORMATION | |
| fixed length control field | 230418b ||||| |||| 00| 0 eng d |
| 020 ## - INTERNATIONAL STANDARD BOOK NUMBER | |
| International Standard Book Number | 9789004384033 |
| 041 ## - LANGUAGE CODE | |
| Language code of text/sound track or separate title | eng |
| 080 ## - UNIVERSAL DECIMAL CLASSIFICATION NUMBER | |
| Edition identifier | VOLUME129 |
| Universal Decimal Classification number | 34 |
| 082 ## - DEWEY DECIMAL CLASSIFICATION NUMBER | |
| Classification number | 34BRA |
| 100 ## - Rafti | |
| Rafti | 31 |
| 101 ## - Shkurtesa | |
| Shkurtesa | JURE |
| 245 ## - TITLE STATEMENT | |
| Title | REVOLUTION AND ALTERNATIVES |
| Statement of responsibility, etc | BRASS T |
| 942 ## - ADDED ENTRY ELEMENTS (KOHA) | |
| Source of classification or shelving scheme | |
| Item type | Books |
| Withdrawn status | Lost status | Source of classification or shelving scheme | Damaged status | Not for loan | Collection code | Permanent location | Current location | Date acquired | Total Checkouts | Full call number | Barcode | Date last seen | Price effective from | Koha item type |
|---|---|---|---|---|---|---|---|---|---|---|---|---|---|---|
| Koleksioni i përgjithshem | UBT - Lipjan | UBT - Lipjan | 04/18/2023 | 34BRA | 002-80006033 | 04/18/2023 | 04/18/2023 | Books | ||||||
| Koleksioni i përgjithshem | UBT - Lipjan | UBT - Lipjan | 04/18/2023 | 34BRA | 002-80006034 | 04/18/2023 | 04/18/2023 | Books | ||||||
| Koleksioni i përgjithshem | UBT - Lipjan | UBT - Lipjan | 04/18/2023 | 34BRA | 002-80006035 | 04/18/2023 | 04/18/2023 | Books | ||||||
| Koleksioni i përgjithshem | UBT - Lipjan | UBT - Lipjan | 04/18/2023 | 34BRA | 002-80006036 | 04/18/2023 | 04/18/2023 | Books |